Công nghệ sửa chữa và phục hồi phụ tùng ô tô

Enregistré dans:
Détails bibliographiques
Auteur principal: Ngô Thành Bắc
Format: Livre
Langue:Undetermined
Publié: Hà Nội KHKT 1983
Sujets:
Tags: Ajouter un tag
Pas de tags, Soyez le premier à ajouter un tag!
Thư viện lưu trữ: Trung tâm Học liệu Trường Đại học Cần Thơ
LEADER 00494nam a2200169Ia 4500
001 CTU_14652
008 210402s9999 xx 000 0 und d
082 |a 629.287 
082 |b B113 
100 |a Ngô Thành Bắc 
245 0 |a Công nghệ sửa chữa và phục hồi phụ tùng ô tô 
245 0 |c Ngô Thành Bắc 
260 |a Hà Nội 
260 |b KHKT 
260 |c 1983 
650 |a automobile 
980 |a Trung tâm Học liệu Trường Đại học Cần Thơ